000 00449nam a2200157Ia 4500
008 090123s9999 xx 000 0 und d
082 _b264
100 _aगाडगीळ अरविंद
245 _aताई व भाऊ
250 _a0
600 _aगाडगीळ अरविंद
630 _aताई व भाऊ
700 _aगाडगीळ अरविंद
730 _aताई व भाऊ
942 _cBOOK
999 _c38352
_d38352